| 000 | 00700nam a22002297a 4500 | ||
|---|---|---|---|
| 999 |
_c15360 _d15360 |
||
| 003 | AR-CdUCM | ||
| 008 | 190426b ||||| |||| 00| 0 spa d | ||
| 020 | _a84-02-07931-8 | ||
| 040 |
_aMUNICIPALIDAD PROVINCIAL DEL CUSCO _cBIBLIOTECA MUNICIPAL DEL CUSCO |
||
| 082 |
_aEP / 808.3 / _bD82 |
||
| 110 |
_aWaly Disney _934404 |
||
| 245 | _aPeter Pan / | ||
| 260 |
_aEspaña : _bBruguera, _c1981. |
||
| 300 |
_a24 paginas ; _bIlustraciones, graficos, dibujos _c18 cm. |
||
| 440 |
_aFantasias Disney _n1 _934405 |
||
| 500 | _aCuentos e historias para niños | ||
| 650 |
_aCuentos _9217 |
||
| 650 |
_aHistorias _92725 |
||
| 650 |
_aNarraciones _9930 |
||
| 942 |
_2ddc _cLIBROS |
||
| 945 |
_apjha _d2019-04-26 |
||